| 000 | 00740cab a2200229 4500 | ||
|---|---|---|---|
| 001 | X3199 | ||
| 008 | 090401t1996 xxu||||| |||| 00| 0 eng d | ||
| 035 | _a(Sirsi) u29135 | ||
| 041 | _aeng | ||
| 245 | _aConstruction NVQ level 5 | ||
| 260 | _c1996 | ||
| 350 | _a0 | ||
| 490 |
_aCSM (Chartered Surveyor Monthly) _v5(4) January 1996, 7(1) |
||
| 520 | _aThe CPMG has submitted a level 5 NVQ/SVQ to the National Council for Vocational Qualification. | ||
| 650 | _aCONSTRUCTION PROJECT MANAGEMENT GROUP | ||
| 650 | _aCAREERS, EDUCATION AND TRAINING | ||
| 650 | _aNATIONAL VOCATIONAL QUALIFICATIONS | ||
| 650 | _aQUALIFICATIONS | ||
| 690 | _aMANAGEMENT-BUSINESS MANAGEMENT-PROFESSIONAL PRACTICE | ||
| 942 | _n0 | ||
| 948 | _c04/03/1997 | ||
| 999 |
_c19616 _d19616 |
||